Polstoročie zmien

Vývoj dnešnej Fakulty podnikového manažmentu od roku 1953.

Gespeichert in:
Bibliographische Detailangaben
1. Verfasser: Šúbertová, Elena
Format: Buchkapitel
Sprache:Slowakisch
Schlagworte:
Tags: Tag hinzufügen
Keine Tags, Fügen Sie das erste Tag hinzu!

MARC

LEADER 00000naa$a2200000$$$4500
001 0003901
005 20240502071347.5
041 0 |a slo 
044 |a SK 
245 1 0 |a Polstoročie zmien  |c aut. Elena Šúbertová 
520 |a Vývoj dnešnej Fakulty podnikového manažmentu od roku 1953. 
610 2 0 |a história 
610 2 0 |a Ekonomická univerzita v Bratislave 
100 1 |a Šúbertová, Elena